DFMSPH14: A C-code for the double folding interaction potential of two spherical nuclei; Computer Physics Communications; Vol. 206

书目详细资料
Parent link:Computer Physics Communications=Scientific Journal
Vol. 206.— 2016.— [P. 97–102]
主要作者: Gonchar I. I. Igor Ivanovich
企业作者: Национальный исследовательский Томский политехнический университет Физико-технический институт Центр измерений свойств материалов
其他作者: Chushnyakova M. V. Mariya Vladimirovna
总结:Title screen
This is a new version of the DFMSPH code designed to obtain the nucleus–nucleus potential by using the double folding model (DFM) and in particular to find the Coulomb barrier. The new version uses the charge, proton, and neutron density distributions provided by the user. Also we added an option for fitting the DFM potential by the Gross–Kalinowski profile. The main functionalities of the original code (e.g. the nucleus–nucleus potential as a function of the distance between the centers of mass of colliding nuclei, the Coulomb barrier characteristics, etc.) have not been modified.
Режим доступа: по договору с организацией-держателем ресурса
语言:英语
出版: 2016
主题:
在线阅读:http://dx.doi.org/10.1016/j.cpc.2016.04.012
格式: 电子 本书章节
KOHA link:https://koha.lib.tpu.ru/cgi-bin/koha/opac-detail.pl?biblionumber=649388

MARC

LEADER 00000naa0a2200000 4500
001 649388
005 20250305092611.0
035 |a (RuTPU)RU\TPU\network\14550 
035 |a RU\TPU\network\14543 
090 |a 649388 
100 |a 20160708d2016 k||y0rusy50 ba 
101 0 |a eng 
102 |a NL 
135 |a drcn ---uucaa 
181 0 |a i  
182 0 |a b 
200 1 |a DFMSPH14: A C-code for the double folding interaction potential of two spherical nuclei  |f I. I. Gonchar, M. V. Chushnyakova 
203 |a Text  |c electronic 
300 |a Title screen 
330 |a This is a new version of the DFMSPH code designed to obtain the nucleus–nucleus potential by using the double folding model (DFM) and in particular to find the Coulomb barrier. The new version uses the charge, proton, and neutron density distributions provided by the user. Also we added an option for fitting the DFM potential by the Gross–Kalinowski profile. The main functionalities of the original code (e.g. the nucleus–nucleus potential as a function of the distance between the centers of mass of colliding nuclei, the Coulomb barrier characteristics, etc.) have not been modified. 
333 |a Режим доступа: по договору с организацией-держателем ресурса 
461 |t Computer Physics Communications  |l Scientific Journal 
463 |t Vol. 206  |v [P. 97–102]  |d 2016 
610 1 |a электронный ресурс 
610 1 |a труды учёных ТПУ 
610 1 |a сферические ядра 
610 1 |a DFMSPH 
610 1 |a ядро-ядерный потенциал 
700 1 |a Gonchar  |b I. I.  |g Igor Ivanovich 
701 1 |a Chushnyakova  |b M. V.  |c physicist  |c engineer of Tomsk Polytechnic University  |f 1985-  |g Mariya Vladimirovna  |3 (RuTPU)RU\TPU\pers\36088  |9 19206 
712 0 2 |a Национальный исследовательский Томский политехнический университет  |b Физико-технический институт  |b Центр измерений свойств материалов  |3 (RuTPU)RU\TPU\col\19361  |9 27453 
801 2 |a RU  |b 63413507  |c 20161207  |g RCR 
856 4 |u http://dx.doi.org/10.1016/j.cpc.2016.04.012 
942 |c CF